| 000 | 00613cam a22002052 4500 | ||
|---|---|---|---|
| 999 |
_c7774 _d7774 |
||
| 001 | 505 | ||
| 003 | BD-DhUAP | ||
| 005 | 20210201120825.0 | ||
| 008 | 210131s19911990ii a 001 0 eng | ||
| 040 |
_aDLC _cCarP _dBD-DhUAP _bEng |
||
| 082 |
_a530 SRI _223 |
||
| 100 | 1 | _aSrivastava, Bhagwati Prasad. | |
| 245 | 1 | 3 |
_aArun's objective and short answer type questions in physics / _cBhagwati Prasad Srivastava. |
| 250 | _a14th ed. | ||
| 260 |
_aDelhi : _bYoung man, _cc1990 [Reprinted 1991]. |
||
| 300 |
_a438 pages : _billustrations ; _c22 cm. |
||
| 500 | _aIncludes index. | ||
| 650 | _aPhysics. | ||
| 942 |
_2ddc _cBK |
||